Puerto de Tarragona : acontecimientos notables en su construcción (1802 - 1829) / José Sánchez Real acontecimientos notables en su construcción (1802 - 1829) / José Sánchez Real
Descripción Física:
333 p. ; 24 cm
MARC
| LEADER | 00000nam a2200000Ia 4500 | ||
|---|---|---|---|
| 001 | 12509 | ||
| 008 | 160829s1995 xx 000 0 cat d | ||
| 080 | |a C-1-241 | ||
| 100 | |a Sánchez Real, José |9 20156 | ||
| 245 | |a Puerto de Tarragona : |b acontecimientos notables en su construcción (1802 - 1829) / José Sánchez Real | ||
| 260 | |a Tarragona : |b Autoritat Portuària de Tarragona, |c 1995 | ||
| 300 | |a 333 p. ; |c 24 cm | ||
| 650 | |a Port de Tarragona |x Projectes i construcció |9 20157 | ||
| 710 | 2 | |a Autoritat Portuària de Tarragona |9 55109 | |
| 901 | |a Arxiu | ||
| 942 | |n 1 | ||
| 952 | |0 0 |1 0 |4 0 |6 C1241 |7 1 |9 41466 |a Arxiu |b Arxiu |d 2016-12-01 |l 0 |o C-1-241 |p 12509 |r 2016-12-01 00:00:00 |w 2016-12-01 |y ARXIU | ||
| 999 | |c 43274 |d 43274 | ||